Codificazione canonica orientale. Fonti.

Saved in:
书目详细资料
企业作者: Catholic Church. Congregatio pro Ecclesia Orientali.
格式: 图书
语言:Latin
出版: Roma : Tipografia poliglotta vaticana, 1930-1942.
主题:
标签: 添加标签
没有标签, 成为第一个标记此记录!
LEADER 02670nam a2200349 a 4500
001 002149755-9
005 20070619120546.0
008 910328m19301942it || 000|0 lat|d
035 0 |a ocm50335819 
245 0 0 |a Codificazione canonica orientale.  |p Fonti. 
260 |a Roma :  |b Tipografia poliglotta vaticana,  |c 1930-1942. 
300 |a v. ;  |c 31 cm. 
500 |a At head of title: Sacra congregazione orientale. 
500 |a Vol. 1, "1930, ristampa 1933". 
504 |a "Bibliographia": v. 11, p. [xiii] 
505 1 |a fasc. 1-2. Testi vari di diritto nuovo (1550-1902) -- fasc. 3. Disciplina Antiochena (Siri): I. Nomocanone di Bar-Hebreo -- fasc. 4. Discipline Chaldéenne (Chaldéens) I. Droit ancien: Synodes (Synodicon Orientale) Collectio canonum synodicorum k'Ebedjjésus de Nisibe -- fasc. 5. Testi di diritto antichi e moderni riguardanti gli Etiopi -- fasc. 6. Testi di diritto antichi riguardanti gli Etiopi -- fasc. 7. Disciplina Armena Testi vari di diritto canonico Armeno (Secolo IV-XVII) -- fasc. 8. Studi storici sulle fonti del diritto canonico orientale -- fasc. 9. Disciplina generale antica (Sec. II-IX) -- fasc. 10. Disciplina Bizantina Rumeni. Testi di diritto particolare dei Rumeni -- fasc. 11. Ius particulare Ruthenorum -- fasc. 12. Disciplina Antiochena Maroniti. I. Ius particulare Maronitarum. a) Textus iuris approbati -- fasc. 15. Discipline Byzantine Melkites. Droit particulier des Melkites (1724-1932). Première partie: Textes du droit approuvé. 
650 0 |a Canon law  |x Oriental Catholic churches  |v Sources. 
710 2 |a Catholic Church.  |b Congregatio pro Ecclesia Orientali. 
740 0 2 |a Testi vari di diritto nuovo (1550-1902) 
740 0 2 |a Disciplina Antiochena (Siri).  |n I.  |p Nomocanone di Bar-Hebreo. 
740 0 2 |a Discipline Chaldéenne (Chaldéens).  |n I.  |p Droit ancienne : Synodes (Synodicon Orientale) Collectio canonum synodicorum d'Ebedjésus de Nisibe. 
740 0 2 |a Testi di diritto antichi e moderni reguardanti gli Etiopi. 
740 0 2 |a Testi di diritto antichi riguardanti gli Etiopi. 
740 0 2 |a Disciplina Armena.  |p Testi vari di diritto canonico Armeno (secolo IV-XVII). 
740 0 2 |a Studi storici sulle fonti del diritto canonico orientale. 
740 0 2 |a Disciplina generale antica (sec. II-IX). 
740 0 2 |a Disciplina bizantina Rumeni : testi di diritto particolare dei rumeni. 
740 0 2 |a Ius particolore Ruthenorum. 
740 0 2 |a Disciplina Antiochena Maroniti.  |n I.  |p Ius particulare Maronitarum : A) Textus iuris approbati. 
740 0 2 |a Discipline Byzantine Melkites = Droit particulier des Melkites (1724-1932).  |n Première partie.  |p Textes du droit approuvé. 
988 |a 20020608 
906 |0 MH